000 00634nam a2200253Ia 4500
003 OSt
005 20220924145909.0
006 a|||||r|||| 00| 0
007 ta
008 220923b |||||||| |||| 00| 0 per d
024 _a330754
037 _cTextual
040 _aARTS
_cARTS
_bper
041 _2per
_aper
082 _aQ7:21:g, 164J4
100 _aHikmat Ali Asghar Au.
245 0 _aAmsal-e-Quran
260 _c1954
650 _a ISLAM
_9577
650 _a QURAN
_933479
650 _aCRITICISM
_931425
942 _hQ7:21:g, 164J4
_cTEXL
_2CC
999 _c461524
_d461524